|
|
|
|
| LEADER |
01357nam a2200313 a 4500 |
| 001 |
3882 |
| 003 |
BD-DhAAL |
| 005 |
20150106154333.0 |
| 008 |
150106s1995 cou b 001 0 eng |
| 010 |
|
|
|a 95007663
|
| 020 |
|
|
|a 0813388945 (alk. paper)
|
| 040 |
|
|
|a DLC
|c DLC
|d DLC
|d BD-DhAAL
|
| 050 |
0 |
0 |
|a HD6223
|b .D537 1995
|
| 082 |
0 |
0 |
|a 338.6/42/082
|2 20
|
| 245 |
0 |
0 |
|a Women in micro- and small-scale enterprise development /
|c edited by Louise Dignard and José Havet.
|
| 260 |
|
|
|a Boulder :
|b Westview Press ;
|a London :
|b IT Publications,
|c 1995.
|
| 300 |
|
|
|a viii, 168 p. ;
|c 24 cm.
|
| 504 |
|
|
|a Includes bibliographical references (p. 164-168) and index.
|
| 541 |
|
|
|e 3882
|
| 650 |
|
0 |
|a Businesswomen
|z Developing countries
|x Case studies.
|9 7148
|
| 650 |
|
0 |
|a Women-owned business enterprises
|z Developing countries
|x Case studies.
|9 7149
|
| 650 |
|
0 |
|a Small business
|z Developing countries
|x Case studies.
|9 7150
|
| 650 |
|
0 |
|a Entrepreneurship
|z Developing countries
|x Case studies.
|9 7151
|
| 650 |
|
0 |
|a Women in development
|x Case studies.
|9 7152
|
| 700 |
1 |
|
|a Dignard, Louise,
|d 1956-
|9 7153
|
| 700 |
1 |
|
|a Havet, José,
|d 1937-
|9 7154
|
| 942 |
|
|
|2 ddc
|c BK
|
| 999 |
|
|
|c 33400
|d 33400
|
| 952 |
|
|
|0 0
|1 0
|2 ddc
|4 0
|6 338_642082000000000_WOM
|7 0
|9 44642
|a BRACUL
|b BRACUL
|c GEN
|d 2015-01-06
|g 0.00
|l 0
|o 338.642082 WOM
|p 3010003882
|r 2015-01-06
|t 1
|w 2015-01-06
|y BK
|z Not price in Register
|